Countries Consuming The Most Rice - Statistics

General Stats
  • This quiz has been taken 161 times
  • The average score is 9 of 10
Answer Stats
# Country % Correct
1 China
99%
2 India
99%
9 Japan
97%
3 Indonesia
95%
7 Thailand
91%
5 Vietnam
91%
4 Bangladesh
83%
6 Philippines
82%
8 Myanmar
71%
10 Brazil
66%
No matching quizzes found
Score Distribution
Percent of People with Each Score
Percentile by Number Answered
Your Score History
You have not taken this quiz